Teoría y práctica de las relaciones públicas

Uloženo v:
Podrobná bibliografie
Hlavní autor: Seitel, Fraser P (Autor)
Médium: Kniha
Jazyk:španělština
Vydáno: Madrid Pearson Educación 2002
Témata:
Tagy: Přidat tag
Žádné tagy, Buďte první, kdo vytvoří štítek k tomuto záznamu!

MARC

LEADER 00000nam a2200000 a 4500
001 UCM7002
003 CL-VaPUC
008 021129e20020000SP |||||||||||||||||spa|d
020 |a 8420535109 
082 0 4 |a 659.2  |b SEI  |2 21 
100 0 |a Seitel, Fraser P  |e author  |9 472712 
245 1 0 |a Teoría y práctica de las relaciones públicas 
300 |a 572 p 
942 |c BK 
945 |d 20021129 00:00:00  |a vberengu 
260 |a Madrid  |b Pearson Educación  |c 2002 
650 0 |a Relaciones públicas  |9 331772 
650 0 |a Proceso de comunicación   |9 332060 
650 7 |a COMUNICACION DE MASAS  |2 CL-VaPUC  |9 334823 
650 0 |a Comunicación   |9 257251 
650 0 |a Operaciones administrativas  |9 335045 
650 0 |a Estrategias de comunicación  |9 370095 
650 0 |a Planificación estratégica   |9 259735 
583 |a last modification  |c 20021129 00:00:00  |k Rodrigo Vera 
999 |c 302038  |d 302036 
952 |0 0  |1 0  |4 0  |6 659_200000000000000_SEI_2002  |7 0  |8 A  |9 362018  |a BIBENE  |b BIBENE  |d 2019-11-21  |i 386619K  |o 659.2 SEI 2002  |p 386619K  |r 2025-01-15  |w 2019-11-21  |y BK  |k ICO 
952 |0 0  |1 0  |4 0  |6 659_200000000000000_SEI_2002  |7 0  |8 A  |9 362019  |a BIBENE  |b BIBENE  |d 2019-11-21  |i 3911845  |o 659.2 SEI 2002  |p 3911845  |r 2025-01-15  |w 2019-11-21  |y BK  |k ICO 
952 |0 0  |1 0  |4 0  |6 659_200000000000000_SEI_2002  |7 0  |8 A  |9 362020  |a BIBENE  |b BIBENE  |d 2019-11-21  |i 3937550  |o 659.2 SEI 2002  |p 3937550  |r 2025-01-15  |w 2019-11-21  |y BK  |k ICO 
952 |0 0  |1 0  |4 0  |6 659_200000000000000_SEI_2002  |7 0  |8 A  |9 362021  |a BIBENE  |b BIBENE  |d 2019-11-21  |i 4034031  |o 659.2 SEI 2002  |p 4034031  |r 2025-01-15  |w 2019-11-21  |y BK  |k ICO